Statistics for Every Bird of New Zealand

Click here to take the quiz!

General Stats

  • This quiz has been taken 6 times
  • The average score is 236 of 360

Answer Stats

HintAnswer% Correct
SphenisciformesPygoscelis adeliaeAdelie PenguinVLC
100%
CharadriiformesStercorarius parasiticusArctic JaegerMLC
100%
SuliformesAnhingidaeAnhinga novaehollandiaeAustralasian DarterVLC
100%
SuliformesMorus serratorAustralasian GannetLC
100%
PodicipediformesPodicipedidaeTachybaptus novaehollandiaeAustralasian GrebeLC
100%
AnseriformesSpatula rhynchotisAustralasian ShovelerLC
100%
PelecaniformesPelecanidaePelecanus conspicillatusAustralian PelicanVLC
100%
AnseriformesTadorna tadornoidesAustralian ShelduckLC
100%
PelecaniformesThreskiornis moluccaAustralian White IbisVLC
100%
AnseriformesChenonetta jubataAustralian Wood DuckVLC
100%
StrigiformesStrigidaeTyto albaBarn OwlVLC
100%
ProcellariiformesFregetta tropicaBlack-bellied Storm-PetrelLC
100%
AccipitriformesMilvus migransBlack KiteVLC
100%
AnseriformesCygnus atratusBlack SwanILC
100%
SuliformesSula leucogasterBrown BoobyVLC
100%
CharadriiformesStercorarius antarcticusBrown SkuaLC
100%
ProcellariiformesThalassarche bulleriBuller's AlbatrossBNT
100%
AnseriformesCereopsis novaehollandiaeCape Barren GooseLC
100%
SuliformesMorus capensisCape GannetVEN
100%
PelecaniformesBubulcus ibisCattle EgretLC
100%
AnseriformesAnas castaneaChestnut TealVLC
100%
SphenisciformesPygoscelis antarcticusChinstrap PenguinVLC
100%
PasseriformesTurdus merulaCommon BlackbirdILC
100%
PasseriformesSturnidaeSturnus vulgarisCommon StarlingILC
100%
ColumbiformesOcyphaps lophotesCrested PigeonVLC
100%
PsittaciformesPlatycercus elegansCrimson Rosella*LC
100%
PsittaciformesPlatycercus eximiusEastern RosellaILC
100%
CasuariiformesCasuariidaeDromaius novaehollandiaeEmuVLC
100%
PasseriformesCarduelis carduelisEuropean GoldfinchILC
100%
PasseriformesChloris chlorisEuropean GreenfinchILC
100%
CharadriiformesSternula nereisFairy TernVU
100%
PsittaciformesCacatuidaeEolophus roseicapillaGalah*LC
100%
SphenisciformesPygoscelis papuaGentoo PenguinVLC
100%
SuliformesPhalacrocorax carboGreat CormorantLC
100%
PodicipediformesPodiceps cristatusGreat Crested GrebeLC
100%
PelecaniformesArdea albaGreat EgretLC
100%
SuliformesFregata minorGreat FrigatebirdVLC
100%
AnseriformesAnser anserGreylag GooseILC
100%
AnseriformesAythya australisHardheadVLC
100%
PodicipediformesPoliocephalus poliocephalusHoary-headed GrebeVLC
100%
PasseriformesPasseridaePasser domesticusHouse SparrowILC
100%
GalliformesPavo cristatusIndian PeafowlILC
100%
PelecaniformesArdea intermediaIntermediate EgretVLC
100%
PsittaciformesStrigops habroptilaKakapoECR
100%
PsittaciformesStrigopidaeNestor notabilisKeaEEN
100%
CharadriiformesLarus dominicanusKelp GullLC
100%
SphenisciformesSpheniscidaeAptenodytes patagonicusKing PenguinVLC
100%
CoraciiformesAlcedinidaeDacelo novaeguineaeLaughing KookaburraILC
100%
SuliformesFregatidaeFregata arielLesser FrigatebirdVLC
100%
SuliformesPhalacrocorax sulcirostrisLittle Black CormorantLC
100%
PelecaniformesEgretta garzettaLittle EgretLC
100%
SphenisciformesEudyptula minorLittle PenguinLC
100%
SuliformesPhalacrocoracidaeMicrocarbo melanoleucosLittle Pied CormorantLC
100%
CharadriiformesStercorarius longicaudusLong-tailed JaegerVLC
100%
SphenisciformesEudyptes chrysolophusMacaroni PenguinVVU
100%
SuliformesSulidaeSula dactylatraMasked BoobyVLC
100%
CharadriiformesVanellus milesMasked LapwingLC
100%
StrigiformesNinox novaeseelandiaeMoreporkLC
100%
SphenisciformesEudyptes moseleyiMoseley's Rockhopper PenguinVEN
100%
FalconiformesFalco novaeseelandiaeNew Zealand FalconENT
100%
PasseriformesRhipidura fuliginosaNew Zealand FantailELC
100%
PodicipediformesPoliocephalus rufopectusNew Zealand GrebeENT
100%
PsittaciformesNestor meridionalisNew Zealand KakaEEN
100%
ProcellariiformesMacronectes halliNorthern Giant-PetrelLC
100%
AnseriformesAnas superciliosaPacific Black DuckLC
100%
CaprimulgiformesApus pacificusPacific SwiftVLC
100%
AnseriformesTadorna variegataParadise ShelduckELC
100%
AnseriformesAnatidaeDendrocygna eytoniPlumed Whistling-DuckVLC
100%
CharadriiformesStercorarius pomarinusPomarine JaegerMLC
100%
SuliformesSula sulaRed-footed BoobyVLC
100%
CharadriiformesCalidris canutusRed KnotVNT
100%
GalliformesPhasianus colchicusRing-necked PheasantILC
100%
ColumbiformesColumbidaeColumba liviaRock DoveILC
100%
ProcellariiformesDiomedea epomophoraRoyal AlbatrossBVU
100%
SphenisciformesEudyptes schlegeliRoyal PenguinVNT
100%
PelecaniformesPlatalea regiaRoyal SpoonbillLC
100%
CharadriiformesCalidris pugnaxRuffVLC
100%
CharadriiformesChroicocephalus novaehollandiaeSilver GullLC
100%
PasseriformesTurdidaeTurdus philomelosSong ThrushILC
100%
ProcellariiformesArdenna griseaSooty ShearwaterNT
100%
ProcellariiformesProcellariidaeMacronectes giganteusSouthern Giant-PetrelLC
100%
SphenisciformesEudyptes chrysocomeSouthern Rockhopper PenguinVU
100%
ColumbiformesStreptopelia chinensisSpotted DoveILC
100%
PelecaniformesThreskiornis spinicollisStraw-necked IbisVLC
100%
PsittaciformesCacatua galeritaSulphur-crested CockatooILC
100%
ProcellariiformesDiomedea exulansWandering AlbatrossVU
100%
AccipitriformesAccipitridaeAquila audaxWedge-tailed EagleVLC
100%
PasseriformesHirundinidaeHirundo neoxenaWelcome SwallowLC
100%
PasseriformesMohouidaeMohoua albicillaWhiteheadELC
100%
CharadriiformesGygis albaWhite TernVLC
100%
GalliformesPhasianidaeMeleagris gallopavoWild TurkeyILC
100%
ProcellariiformesOceanitidaeOceanites oceanicusWilson's Storm-PetrelLC
100%
PelecaniformesPlatalea flavipesYellow-billed SpoonbillVLC
100%
PasseriformesEmberiza citrinellusYellowhammerILC
100%
ColumbiformesStreptopelia roseogriseaAfrican Collared-DoveILC
67%
CharadriiformesPluvialis dominicaAmerican Golden-PloverVLC
67%
ProcellariiformesThalassoica antarcticaAntarctic PetrelVLC
67%
CharadriiformesSterna vittataAntarctic TernLC
67%
CharadriiformesSterna paradisaeaArctic TernVLC
67%
CharadriiformesLimnodromus semipalmatusAsian DowitcherVNT
67%
PelecaniformesArdeidaeBotaurus poiciloptilusAustralasian BitternEN
67%
PasseriformesMotacillidaeAnthus novaeseelandiaeAustralasian PipitLC
67%
PsittaciformesPsittaculidaeAlisterus scapularisAustralian King-Parrot*LC
67%
PasseriformesGymnorhina tibicenAustralian MagpieILC
67%
CharadriiformesRostratulidaeRostratula australisAustralian Painted-SnipeVEN
67%
CharadriiformesLimosa lapponicaBar-tailed GodwitMNT
67%
ProcellariiformesThalassarche melanophrisBlack-browed AlbatrossLC
67%
CharadriiformesElseyornis melanopsBlack-fronted DotterelLC
67%
CharadriiformesChlidonias albostriatusBlack-fronted TernEEN
67%
CharadriiformesAnous minutusBlack NoddyVLC
67%
ProcellariiformesProcellaria parkinsoniBlack PetrelBVU
67%
CharadriiformesHimantopus novaezelandiaeBlack StiltECR
67%
CharadriiformesLimosa limosaBlack-tailed GodwitMNT
67%
CharadriiformesChlidonias nigerBlack TernVLC
67%
AnseriformesHymenolaimus malacorhynchosBlue DuckEEN
67%
ProcellariiformesHalobaena caeruleaBlue PetrelVLC
67%
CharadriiformesCalidris falcinellusBroad-billed SandpiperVLC
67%
GalliformesSynoicus ypsilophorusBrown QuailILC
67%
AnseriformesAnas chlorotisBrown TealENT
67%
CharadriiformesCalidris subruficollisBuff-breasted SandpiperVNT
67%
GalliformesOdontophoridaeCallipepla californicaCalifornia QuailILC
67%
AnseriformesAnas nesiotisCampbell Islands TealEVU
67%
AnseriformesBranta canadensisCanada GooseILC
67%
ProcellariiformesDaption capenseCape PetrelLC
67%
CharadriiformesHydroprogne caspiaCaspian TernLC
67%
ProcellariiformesThalassarche eremitaChatham AlbatrossBVU
67%
GalliformesAlectoris chukarChukarILC
67%
PsittaciformesNymphicus hollandicusCockatiel*LC
67%
ProcellariiformesPelecanoides urinatrixCommon Diving-PetrelLC
67%
CharadriiformesTringa nebulariaCommon GreenshankVLC
67%
PasseriformesAcridotheres tristisCommon MynaILC
67%
CharadriiformesAnous stolidusCommon NoddyVLC
67%
CharadriiformesAcitis hypoleucosCommon SandpiperVLC
67%
CharadriiformesSterna hirundoCommon TernVLC
67%
CharadriiformesThalasseus bergiiCrested TernVLC
67%
CharadriiformesCalidris ferrugineaCurlew SandpiperMLC
67%
CharadriiformesCharadrius bicinctusDouble-banded PloverBNT
67%
CharadriiformesCalidris alpinaDunlinVLC
67%
PasseriformesArtamus cyanopterusDusky WoodswallowVLC
67%
CharadriiformesNumenius madagascariensisEastern CurlewMEN
67%
PelecaniformesEgretta sacraEastern Reef EgretLC
67%
SphenisciformesAptenodytes forsteriEmperor PenguinVNT
67%
SphenisciformesEudyptes sclateriErect-crested PenguinEEN
67%
GruiformesFulica atraEurasian CootLC
67%
PasseriformesAlaudidaeAlauda arvensisEurasian SkylarkILC
67%
PasseriformesPetrochelidon arielFairy MartinVLC
67%
ProcellariiformesPachyptila turturFairy PrionLC
67%
SphenisciformesEudyptes pachyrhynchusFiordland PenguinENT
67%
PsittaciformesAgapornis fischeriFischer's Lovebird*NT
67%
ProcellariiformesArdenna carneipesFlesh-footed ShearwaterNT
67%
ProcellariiformesPuffinus gaviaFluttering ShearwaterBLC
67%
CharadriiformesLeucophaeus pipixcanFranklin's GullVLC
67%
PelecaniformesThreskiornithidaePlegadis falcinellusGlossy IbisLC
67%
GalliformesChrysolophus pictusGolden Pheasant*LC
67%
CharadriiformesCharadrius leschenaultiiGreater Sand-PloverVLC
67%
CharadriiformesCalidris tenuirostrisGreat KnotVEN
67%
ApterygiformesApteryx haastiiGreat Spotted KiwiEVU
67%
ProcellariiformesPterodroma gouldiGrey-faced PetrelLC
67%
ProcellariiformesProcellaria cinereaGrey PetrelNT
67%
CharadriiformesCharadriidaePluvialis squatarolaGrey PloverVLC
67%
CharadriiformesTringa brevipesGrey-tailed TattlerMNT
67%
AnseriformesAnas gracilisGrey TealLC
67%
CharadriiformesAnous albivittaGrey TernletLC
67%
CharadriiformesGelochelidon niloticaGull-billed TernLC
67%
GalliformesNumididaeNumida meleagrisHelmeted GuineafowlILC
67%
CharadriiformesLimosa haemasticaHudsonian GodwitVLC
67%
ProcellariiformesPuffinus huttoniHutton's ShearwaterBEN
67%
CharadriiformesGallinago hardwickiiLatham's SnipeVLC
67%
CharadriiformesLeucophaeus atricillaLaughing GullVLC
67%
CharadriiformesCharadrius mongolusLesser Sand-PloverVLC
67%
ProcellariiformesPhoebetria palpebrataLight-mantled Sooty AlbatrossNT
67%
CharadriiformesNumenius minutusLittle CurlewVLC
67%
ApterygiformesApteryx oweniiLittle Spotted KiwiENT
67%
CharadriiformesCalidris minutaLittle StintVLC
67%
CharadriiformesSternula albifronsLittle TernLC
67%
CharadriiformesCalidris subminutaLong-toed StintVLC
67%
PasseriformesMonarchidaeGrallina cyanoleucaMagpie-lark*LC
67%
PsittaciformesCyanoramphus malherbiMalherbe's ParakeetECR
67%
AnseriformesAnas platyrhynchosMallardILC
67%
AnseriformesAix galericulataMandarin Duck*LC
67%
CharadriiformesTringa stagnatilisMarsh SandpiperMLC
67%
PasseriformesArtamidaeArtamus personatusMasked WoodswallowVLC
67%
AnseriformesCairina moschataMuscovy Duck*LC
67%
AnseriformesCygnus olorMute SwanILC
67%
FalconiformesFalconidaeFalco cenchroidesNankeen KestrelVLC
67%
PelecaniformesNycticorax caledonicusNankeen Night-HeronVLC
67%
PasseriformesAnthornis melanuraNew Zealand BellbirdELC
67%
SuliformesLeucocarbo carunculatusNew Zealand King ShagEVU
67%
ColumbiformesHemiphaga novaeseelandiaeNew Zealand PigeonENT
67%
AnseriformesAythya novaeseelandiaeNew Zealand ScaupELC
67%
ProcellariiformesFregetta maorianaNew Zealand Storm-PetrelECR
67%
ProcellariiformesFulmarus glacialisNorthern FulmarVLC
67%
AnseriformesAnas acutaNorthern PintailVLC
67%
ApterygiformesApteryx mantelliNorth Island Brown KiwiEVU
67%
PasseriformesPetroicidaePetroica longipesNorth Island RobinELC
67%
PasseriformesPhilesturnus rufusaterNorth Island SaddlebackENT
67%
ApterygiformesApteryx rowiOkarito Brown KiwiEVU
67%
CharadriiformesGlareolidaeGlareola maldivarumOriental PratincoleVLC
67%
CharadriiformesPluvialis fulvaPacific Golden-PloverMLC
67%
CharadriiformesCalidris melanotosPectoral SandpiperMLC
67%
SuliformesPhalacrocorax variusPied CormorantLC
67%
CharadriiformesRecurvirostridaeHimantopus leucocephalusPied StiltLC
67%
AnseriformesMalacorhynchus membranaceusPink-eared DuckVLC
67%
ProcellariiformesArdenna creatopusPink-footed ShearwaterVVU
67%
PsittaciformesTrichoglossus moluccanusRainbow Lorikeet*LC
67%
PsittaciformesCyanoramphus novaezelandiaeRed-crowned ParakeetELC
67%
GalliformesGallus gallusRed Junglefowl*LC
67%
CharadriiformesErythrogonys cinctusRed-kneed DotterelVLC
67%
GalliformesAlectoris rufaRed-legged Partridge*NT
67%
CharadriiformesPhalaropus lobatusRed-necked PhalaropeVLC
67%
CharadriiformesCalidris ruficollisRed-necked StintMNT
67%
PasseriformesAcanthisittidaeAcanthisitta chlorisRiflemanELC
67%
CharadriiformesCharadrius hiaticulaRinged PloverVLC
67%
PsittaciformesAgapornis roseicollisRosy-faced Lovebird*LC
67%
CharadriiformesArenaria interpresRuddy TurnstoneMLC
67%
CoraciiformesTodiramphus sanctusSacred KingfisherLC
67%
ProcellariiformesThalassarche salviniSalvin's AlbatrossBVU
67%
CharadriiformesCalidris albaSanderlingMLC
67%
CharadriiformesCharadrius semipalmatusSemipalmated PloverVLC
67%
CharadriiformesCalidris acuminataSharp-tailed SandpiperMLC
67%
CharadriiformesThinornis novaeseelandiaeShore PloverEEN
67%
ProcellariiformesArdenna tenuirostrisShort-tailed ShearwaterLC
67%
ProcellariiformesThalassarche cautaShy AlbatrossNT
67%
PasseriformesZosteropidaeZosterops lateralisSilvereyeLC
67%
SphenisciformesEudyptes robustusSnares PenguinEVU
67%
ProcellariiformesPhoebetria fuscaSooty AlbatrossVEN
67%
CharadriiformesOnychoprion fuscatusSooty TernVLC
67%
ApterygiformesApterygidaeApteryx australisSouthern Brown KiwiEVU
67%
ProcellariiformesFulmarus glacialoidesSouthern FulmarLC
67%
CharadriiformesHaematopodidaeHaematopus finschiSouth Island Pied OystercatcherBLC
67%
PasseriformesPetroica australisSouth Island RobinELC
67%
PasseriformesPhilesturnus carunculatusSouth Island SaddlebackENT
67%
GruiformesPorphyrio hochstetteriSouth Island TakaheEEN
67%
CharadriiformesStercorariidaeStercorarius maccormickiSouth Polar SkuaMLC
67%
SuliformesPhalacrocorax punctatusSpotted ShagELC
67%
AnseriformesAnser cygnoidesSwan GooseVVU
67%
GalliformesLophura swinhoiiSwinhoe's Pheasant*NT
67%
ProcellariiformesPseudobulweria rostrataTahiti PetrelVNT
67%
CharadriiformesXenus cinereusTerek SandpiperMLC
67%
PasseriformesPetroica macrocephalaTomtitELC
67%
PasseriformesPetrochelidon nigricansTree MartinVLC
67%
PasseriformesMeliphagidaeProsthemadera novaeseelandiaeTuiELC
67%
CharadriiformesHaematopus unicolorVariable OystercatcherELC
67%
CharadriiformesTringa incanaWandering TattlerMLC
67%
ProcellariiformesArdenna pacificaWedge-tailed ShearwaterLC
67%
GruiformesGallirallus australisWekaEVU
67%
CharadriiformesChlidonias hybridaWhiskered TernVLC
67%
ProcellariiformesFregetta grallariaWhite-bellied Storm-PetrelVLC
67%
PasseriformesArtamus superciliosusWhite-browed WoodswallowVLC
67%
PelecaniformesEgretta novaehollandiaeWhite-faced HeronLC
67%
ProcellariiformesPelagodroma marinaWhite-faced Storm-PetrelLC
67%
CharadriiformesSterna striataWhite-fronted TernBNT
67%
PelecaniformesArdea pacificaWhite-necked HeronVLC
67%
CaprimulgiformesApodidaeHirundapus caudacutusWhite-throated NeedletailVLC
67%
CharadriiformesChlidonias leucopterusWhite-winged Black TernLC
67%
PasseriformesLalage tricolorWhite-winged TrillerVLC
67%
AnseriformesAix sponsaWood Duck*LC
67%
CharadriiformesAnarhynchus frontalisWrybillEVU
67%
SphenisciformesMegadyptes antipodesYellow-eyed PenguinEEN
67%
PasseriformesMohoua ochrocephalaYellowheadEEN
67%
ProcellariiformesDiomedeidaeThalassarche chlororhynchosYellow-nosed AlbatrossVEN
67%
ProcellariiformesPachyptila desolataAntarctic PrionLC
33%
PsittaciformesCyanoramphus unicolorAntipodes ParakeetEVU
33%
GruiformesRallidaeLewinia muelleriAuckland Islands RailEVU
33%
SuliformesLeucocarbo colensoiAuckland Islands ShagEVU
33%
AnseriformesAnas aucklandicaAuckland Islands TealENT
33%
GruiformesPorphyrio melanotusAustralasian SwamphenLC
33%
PelecaniformesIxobrychus dubiusAustralian Little BitternVLC
33%
PasseriformesAcrocephalidaeAcrocephalus australisAustralian Reed-WarblerVLC
33%
GruiformesZapornia pusillaBaillon's CrakeLC
33%
CharadriiformesCalidris bairdiiBaird's SandpiperVLC
33%
CharadriiformesLaridaeChroicocephalus bulleriBlack-billed GullENT
33%
PasseriformesCampephagidaeCoracina novaehollandiaeBlack-faced Cuckoo-shrikeVLC
33%
CharadriiformesSterna sumatranaBlack-naped TernVLC
33%
GruiformesTribonyx ventralisBlack-tailed NativehenVLC
33%
ProcellariiformesPterodroma nigripennisBlack-winged PetrelLC
33%
CharadriiformesOnychoprion anaethetusBridled TernVLC
33%
ProcellariiformesPachyptila vittataBroad-billed PrionLC
33%
GruiformesGallirallus philippensisBuff-banded RailLC
33%
ProcellariiformesArdenna bulleriBuller's ShearwaterBVU
33%
SuliformesLeucocarbo campbelliCampbell Islands ShagEVU
33%
CuculiformesScythrops novaehollandiaeChannel-billed CuckooVLC
33%
PasseriformesGerygone albofrontataChatham Island GerygoneELC
33%
ColumbiformesHemiphaga chathamensisChatham Island PigeonEVU
33%
PsittaciformesCyanoramphus forbesiChatham Islands ParakeetEVU
33%
SuliformesLeucocarbo onslowiChatham Islands ShagECR
33%
CharadriiformesCoenocorypha pusillaChatham Islands SnipeEVU
33%
CharadriiformesHaematopus chathamensisChatham OystercatcherEEN
33%
PasseriformesPetroica traversiChatham RobinEEN
33%
ProcellariiformesPuffinus nativitatisChristmas ShearwaterVLC
33%
PasseriformesEmberizidaeEmberiza cirlusCirl BuntingILC
33%
PasseriformesFringillidaeFringilla coelebsCommon ChaffinchILC
33%
PasseriformesAcanthis flammeaCommon RedpollILC
33%
ProcellariiformesPterodroma cookiiCook's PetrelVU
33%
PasseriformesPrunellidaePrunella modularisDunnockILC
33%
ProcellariiformesPterodroma leucopteraGould's PetrelVVU
33%
ProcellariiformesArdenna gravisGreat ShearwaterVLC
33%
ProcellariiformesGarrodia nereisGrey-backed Storm-PetrelLC
33%
PasseriformesAcanthizidaeGerygone igataGrey GerygoneELC
33%
ProcellariiformesThalassarche chrysostomaGrey-headed AlbatrossEN
33%
ProcellariiformesPterodroma heraldicaHerald PetrelVLC
33%
ProcellariiformesPterodroma externaJuan Fernandez PetrelVVU
33%
ProcellariiformesAphrodroma brevirostrisKerguelen PetrelVLC
33%
ProcellariiformesPterodroma neglectaKermadec PetrelLC
33%
ProcellariiformesPhoebastria immutabilisLaysan AlbatrossVNT
33%
ProcellariiformesHydrobates leucorhousLeach's Storm-PetrelVVU
33%
PasseriformesAcanthis cabaretLesser RedpollILC
33%
CharadriiformesTringa flavipesLesser YellowlegsVLC
33%
StrigiformesAthene noctuaLittle OwlILC
33%
ProcellariiformesPuffinus assimilisLittle ShearwaterLC
33%
CuculiformesCuculidaeUrodynamis taitensisLong-tailed CuckooBLC
33%
ProcellariiformesPterodroma magentaeMagenta PetrelECR
33%
ProcellariiformesPterodroma inexpectataMottled PetrelNT
33%
PasseriformesLocustellidaePoodytes punctatusNew Zealand FernbirdELC
33%
AnseriformesSpatula clypeataNorthern ShovelerVLC
33%
PasseriformesCallaeidaeCallaeas wilsoniNorth Island KokakoENT
33%
CuculiformesCuculus optatusOriental CuckooVLC
33%
CharadriiformesCharadrius veredusOriental PloverVLC
33%
CuculiformesCacomantis pallidusPallid CuckooVLC
33%
ProcellariiformesPterodroma albaPhoenix PetrelVEN
33%
PasseriformesMohoua novaeseelandiaePipipiELC
33%
SuliformesPhalacrocorax featherstoniPitt Island ShagEEN
33%
ProcellariiformesPterodroma solandriProvidence PetrelVVU
33%
ProcellariiformesPterodroma pycroftiPycroft's PetrelBVU
33%
CharadriiformesCharadrius obscurusRed-breasted DotterelELC
33%
CharadriiformesPhalaropus fulicariusRed PhalaropeVLC
33%
PhaethontiformesPhaethontidaePhaethon rubricaudaRed-tailed TropicbirdVLC
33%
PasseriformesPycnonotidaePycnonotus caferRed-vented Bulbul*LC
33%
PsittaciformesCyanoramphus hochstetteriReischek's ParakeetERR
33%
PasseriformesCorvidaeCorvus frugilegusRookILC
33%
PsittaciformesPsittacula krameriRose-ringed Parakeet*LC
33%
ProcellariiformesPachyptila salviniSalvin's PrionVLC
33%
PasseriformesMyiagra cyanoleucaSatin FlycatcherVLC
33%
CuculiformesChrysococcyx lucidusShining Bronze-CuckooLC
33%
ProcellariiformesPachyptila belcheriSlender-billed PrionVLC
33%
CharadriiformesCoenocorypha heugeliSnares Island SnipeENT
33%
ProcellariiformesPelecanoides georgicusSouth Georgia Diving-PetrelVLC
33%
PasseriformesXenicus gilviventrisSouth Island WrenEEN
33%
GruiformesZapornia tabuensisSpotless CrakeLC
33%
SuliformesLeucocarbo chalconotusStewart Island ShagEVU
33%
CharadriiformesCalidris himantopusStilt SandpiperVLC
33%
PasseriformesNotiomystidaeNotiomystis cinctaStitchbirdEVU
33%
CharadriiformesCoenocorypha aucklandicaSubantarctic SnipeENT
33%
AccipitriformesCircus approximansSwamp HarrierLC
33%
CharadriiformesCalidris mauriWestern SandpiperVLC
33%
ProcellariiformesProcellaria westlandicaWestland PetrelEN
33%
CharadriiformesScolopacidaeNumenius phaeopusWhimbrelMLC
33%
ProcellariiformesProcellaria aequinoctialisWhite-chinned PetrelVU
33%
ProcellariiformesPterodroma cervicalisWhite-necked PetrelVU
33%
PasseriformesRhipiduridaeRhipidura leucophrysWillie Wagtail*LC
33%
CharadriiformesPhalaropus tricolorWilson's PhalaropeVLC
33%
PsittaciformesAgapornis personatusYellow-collared Lovebird*LC
33%
PsittaciformesCyanoramphus auricepsYellow-crowned ParakeetENT
33%
SuliformesLeucocarbo ranfurlyiBounty Islands ShagEVU
0%
ProcellariiformesPterodroma axillarisChatham PetrelEVU
0%
ProcellariiformesPterodroma brevipesCollared PetrelVVU
0%
ProcellariiformesPachyptila crassirostrisFulmar PrionLC
0%
ProcellariiformesPterodroma mollisSoft-plumaged PetrelLC
0%
ProcellariiformesPuffinus elegansSubantarctic ShearwaterLC
0%
ProcellariiformesPterodroma lessoniiWhite-headed PetrelLC
0%

Score Distribution

Percentile by Number Answered

Percent of People with Each Score

Your Score History

You have not taken this quiz